[Event "Titled Tuesday intern op 16th Apr Early"]
[Site "Chess.com INT"]
[Date "2024.04.16"]
[Round "1"]
[White "Hoffmann, Asa"]
[Black "Karttunen, Mika"]
[Result "0-1"]
[WhiteElo "2185"]
[BlackElo "2479"]
[PlyCount "98"]
[EventDate "2024.04.16"]
[EventType "swiss (blitz)"]
[EventRounds "11"]
[EventCountry "USA"]
[SourceTitle "CB17_2024"]
[SourceDate "2024.04.24"]
[SourceVersion "1"]
[SourceVersionDate "2024.04.24"]
[SourceQuality "1"]

1. d4 Nf6 2. Bg5 Ne4 3. Bf4 d5 4. f3 Nf6 5. e4 e6 6. e5 Nfd7 7. Be3 c5 8. c3 Nc6 9. f4 Qb6 10. Qd2 a5 11. Nf3 a4 12. Be2 cxd4 13. Nxd4 Nxd4 14. Bxd4 Bc5 15. Na3 0-0 16. 0-0 f6 17. Kh1 Qc7 18. Nb5 Qc6 19. Bxc5 Nxc5 20. Nd4 Qc7 21. Qe3 a3 22. b3 Ne4 23. Rac1 fxe5 24. fxe5 Rxf1+ 25. Rxf1 Qxe5 26. Bd3 Bd7 27. Bxe4 dxe4 28. Re1 Rf8 29. Kg1 Qf6 30. h3 e5 31. Nc2 Bc6 32. Nxa3 Ra8 33. Rf1 Qg6 34. Nc4 Rxa2 35. Rf2 Rxf2 36. Kxf2 b5 37. Nd2 Qf5+ 38. Kg1 Qf4 39. Nf1 h6 40. Qc5 Qf6 41. Ne3 Kh7 42. Ng4 Qe6 43. Qxe5 Qg6 44. Qf4 e3 45. Nxe3 Be4 46. Kh2 Qe6 47. c4 b4 48. Ng4 Bg6 49. Qe5 Qd7 0-1

[Event "Titled Tuesday intern op 16th Apr Late"]
[Site "Chess.com INT"]
[Date "2024.04.16"]
[Round "10"]
[White "Kanter, Eduard"]
[Black "Karttunen, Mika"]
[Result "0-1"]
[WhiteElo "2344"]
[BlackElo "2479"]
[PlyCount "84"]
[EventDate "2024.04.16"]
[EventType "swiss (blitz)"]
[EventRounds "11"]
[EventCountry "USA"]
[SourceTitle "CB17_2024"]
[SourceDate "2024.04.24"]
[SourceVersion "1"]
[SourceVersionDate "2024.04.24"]
[SourceQuality "1"]

1. d4 Nf6 2. c4 e6 3. Nf3 d5 4. g3 Bb4+ 5. Nc3 dxc4 6. Bg2 b5 7. 0-0 c6 8. Ne5 Nd5 9. Qc2 f6 10. Nf3 0-0 11. a4 a6 12. axb5 Bxc3 13. bxc3 cxb5 14. Ba3 Rf7 15. e4 Nb6 16. Rad1 Bb7 17. Rfe1 N8d7 18. Bh3 f5 19. d5 exd5 20. e5 Nb8 21. e6 Rf6 22. e7 Qe8 23. Bc5 N8d7 24. Bd4 g6 25. Bxf6 Nxf6 26. Re6 Nbd7 27. Ne5 Nxe5 28. Rxe5 a5 29. Bxf5 gxf5 30. Qxf5 Kg7 31. Qe6 Ra6 32. Rg5+ Kh8 33. Qe5 a4 34. Re1 a3 35. Rf5 Kg7 36. Rg5+ Kf7 37. Rf5 a2 38. Ra1 Qxe7 39. Qf4 b4 40. cxb4 Qxb4 41. Qh6 Qb1+ 42. Kg2 Qxf5 0-1

[Event "Titled Tuesday intern op 16th Apr Late"]
[Site "Chess.com INT"]
[Date "2024.04.16"]
[Round "5"]
[White "Karttunen, Mika"]
[Black "Bryakin, Mikhail"]
[Result "0-1"]
[WhiteElo "2479"]
[BlackElo "2467"]
[PlyCount "144"]
[EventDate "2024.04.16"]
[EventType "swiss (blitz)"]
[EventRounds "11"]
[EventCountry "USA"]
[SourceTitle "CB17_2024"]
[SourceDate "2024.04.24"]
[SourceVersion "1"]
[SourceVersionDate "2024.04.24"]
[SourceQuality "1"]

1. e4 e5 2. Nf3 d5 3. d4 dxe4 4. Nxe5 Nd7 5. Bf4 Nxe5 6. Bxe5 f6 7. Bg3 Bd6 8. Nc3 f5 9. Bxd6 Qxd6 10. Bc4 Nf6 11. Qd2 a6 12. 0-0-0 Be6 13. Bxe6 Qxe6 14. d5 Qe5 15. f4 Qd6 16. h3 0-0-0 17. Qf2 Kb8 18. Kb1 h5 19. g3 Rhe8 20. Qe3 Re7 21. a3 Red7 22. Rhg1 Qb6 23. Qxb6 cxb6 24. g4 hxg4 25. hxg4 Nxg4 26. Nxe4 Rxd5 27. Rxd5 Rxd5 28. Nc3 Rd2 29. Rf1 Rxc2 30. Kxc2 Ne3+ 31. Kd3 Nxf1 32. Kd4 g6 33. Nd5 Nh2 34. Ne7 g5 35. fxg5 Nf3+ 36. Kd5 Nxg5 37. Nxf5 Kc7 38. Nd4 Kd7 39. Nf5 Ne6 40. Ne3 Nf4+ 41. Ke4 Ne2 42. Kd5 Nc1 43. Nc4 Kc7 44. Ne5 Nb3 45. Kc4 Nc5 46. b4 Ne4 47. Kd5 Nf6+ 48. Kd4 Kd6 49. Nc4+ Kc6 50. a4 Nd7 51. Ne3 b5 52. a5 Nf6 53. Ke5 Ne8 54. Nf5 Nc7 55. Nd4+ Kd7 56. Nb3 Ne6 57. Kd5 Nf4+ 58. Ke5 Nd3+ 59. Kd4 Nxb4 60. Kc5 Nc6 61. Kb6 Kc8 62. Nc5 Nd8 63. Nd3 Ne6 64. Nb4 Nc7 65. Kc5 Ne8 66. Kb6 Nd6 67. Nd5 Nc4+ 68. Kc5 Nxa5 69. Nb6+ Kb8 70. Nd7+ Kc7 71. Ne5 Nc6 72. Nd3 b6+ 0-1

[Event "Titled Tuesday intern op 16th Apr Late"]
[Site "Chess.com INT"]
[Date "2024.04.16"]
[Round "1"]
[White "Karttunen, Mika"]
[Black "Buenafe Moya, Javier"]
[Result "0-1"]
[WhiteElo "2479"]
[BlackElo "2160"]
[PlyCount "88"]
[EventDate "2024.04.16"]
[EventType "swiss (blitz)"]
[EventRounds "11"]
[EventCountry "USA"]
[SourceTitle "CB17_2024"]
[SourceDate "2024.04.24"]
[SourceVersion "1"]
[SourceVersionDate "2024.04.24"]
[SourceQuality "1"]

1. e4 e5 2. Nf3 Nc6 3. Bb5 a6 4. Ba4 d6 5. c3 Bd7 6. 0-0 g5 7. d4 g4 8. Ne1 h5 9. f3 Bh6 10. Na3 Bxc1 11. Rxc1 Nh6 12. f4 exf4 13. Rxf4 Qg5 14. Nd3 0-0-0 15. b4 f5 16. exf5 Bxf5 17. Bxc6 Bxd3 18. Qxd3 Qxf4 19. Rf1 Qxf1+ 20. Qxf1 bxc6 21. Qxa6+ Kd7 22. b5 cxb5 23. Qxb5+ Ke7 24. Qg5+ Kd7 25. Nb5 Rdf8 26. Qg7+ Nf7 27. d5 c6 28. dxc6+ Kxc6 29. Nd4+ Kd5 30. Qf6 Ne5 31. Qe6+ Kc5 32. Qb3 Rb8 33. Qa3+ Kd5 34. Qa5+ Ke4 35. Nb3 Rhf8 36. Qa7 Kd3 37. Qd4+ Kc2 38. Qd2+ Kb1 39. Nd4 Ka1 40. Nb3+ Kb1 41. c4 Nxc4 42. Qc1+ Kxa2 43. Nd4 Rb1 44. Qxb1+ Kxb1 0-1

[Event "Titled Tuesday intern op 16th Apr Early"]
[Site "Chess.com INT"]
[Date "2024.04.16"]
[Round "2"]
[White "Karttunen, Mika"]
[Black "Myagmarsuren, Evsuld"]
[Result "1-0"]
[WhiteElo "2479"]
[BlackElo "2090"]
[PlyCount "105"]
[EventDate "2024.04.16"]
[EventType "swiss (blitz)"]
[EventRounds "11"]
[EventCountry "USA"]
[SourceTitle "CB17_2024"]
[SourceDate "2024.04.24"]
[SourceVersion "1"]
[SourceVersionDate "2024.04.24"]
[SourceQuality "1"]

1. e4 c5 2. Nf3 d6 3. d4 cxd4 4. Nxd4 Nf6 5. Nc3 a6 6. f3 e5 7. Nb3 Be6 8. Be3 h5 9. Nd5 Nbd7 10. c4 g6 11. Qd2 Bg7 12. Be2 0-0 13. a4 Rc8 14. 0-0 b6 15. Rfd1 Nc5 16. Nxc5 dxc5 17. a5 Bxd5 18. exd5 e4 19. b4 exf3 20. Bxf3 Nd7 21. Rab1 cxb4 22. Qxb4 bxa5 23. Qa3 Rxc4 24. d6 Rc3 25. Rb3 Rxb3 26. Qxb3 Ne5 27. Bd5 a4 28. Qxa4 Qxd6 29. Bxf7+ Nxf7 30. Rxd6 Nxd6 31. Qxa6 Nf5 32. Bf2 Kh7 33. h3 Rd8 34. Qa4 Rd1+ 35. Qxd1 Bf6 36. Qd5 Bg7 37. g4 hxg4 38. hxg4 Nh6 39. Qh1 Kg8 40. Qf3 Kh7 41. Be3 Kg8 42. Bxh6 Bxh6 43. Qf6 Kh7 44. g5 Bg7 45. Qf7 Kh8 46. Qxg6 Kg8 47. Kg2 Kh8 48. Kf3 Kg8 49. Ke4 Kf8 50. Kd5 Kg8 51. Ke6 Kh8 52. Kf7 Bc3 53. Qg8# 1-0

[Event "Titled Tuesday intern op 16th Apr Early"]
[Site "Chess.com INT"]
[Date "2024.04.16"]
[Round "9"]
[White "Karttunen, Mika"]
[Black "Santos Flores, Alberto Javier"]
[Result "1-0"]
[WhiteElo "2479"]
[BlackElo "2183"]
[PlyCount "71"]
[EventDate "2024.04.16"]
[EventType "swiss (blitz)"]
[EventRounds "11"]
[EventCountry "USA"]
[SourceTitle "CB17_2024"]
[SourceDate "2024.04.24"]
[SourceVersion "1"]
[SourceVersionDate "2024.04.24"]
[SourceQuality "1"]

1. d4 Nf6 2. c4 d6 3. Nf3 g6 4. Nc3 Bf5 5. g3 Bg7 6. Bg2 Ne4 7. Nh4 Nxc3 8. bxc3 Bc8 9. e4 0-0 10. f4 c5 11. e5 dxe5 12. dxe5 Qxd1+ 13. Kxd1 Nc6 14. Be3 Na5 15. Bxc5 Nxc4 16. Ke2 Rd8 17. Rhd1 Bg4+ 18. Nf3 Bf8 19. h3 Bxf3+ 20. Bxf3 Rxd1 21. Rxd1 Rc8 22. Bd4 b6 23. Bb7 Rc7 24. Ba6 e6 25. Bf2 Na5 26. Be1 Be7 27. g4 Kf8 28. g5 Nc6 29. h4 Nb8 30. Bb5 a6 31. Ba4 b5 32. Bc2 Rd7 33. Rb1 Nc6 34. a4 Rb7 35. Be4 Rb6 36. Bf2 1-0

[Event "Titled Tuesday intern op 16th Apr Late"]
[Site "Chess.com INT"]
[Date "2024.04.16"]
[Round "9"]
[White "Karttunen, Mika"]
[Black "Zulkipli, Zaidan"]
[Result "1-0"]
[WhiteElo "2479"]
[BlackElo "2198"]
[PlyCount "111"]
[EventDate "2024.04.16"]
[EventType "swiss (blitz)"]
[EventRounds "11"]
[EventCountry "USA"]
[SourceTitle "CB17_2024"]
[SourceDate "2024.04.24"]
[SourceVersion "1"]
[SourceVersionDate "2024.04.24"]
[SourceQuality "1"]

1. c4 Nf6 2. Nc3 e6 3. e4 d5 4. cxd5 exd5 5. e5 d4 6. exf6 dxc3 7. bxc3 Qxf6 8. Qf3 Be7 9. d4 0-0 10. Qxf6 Bxf6 11. Rb1 c5 12. Be3 cxd4 13. Bxd4 Bxd4 14. cxd4 Nc6 15. d5 Nd4 16. Ne2 Re8 17. Kd2 Nf5 18. Nc3 a6 19. a4 Nd6 20. Bd3 Kf8 21. Rb6 Rd8 22. Re1 Bg4 23. Re5 Rac8 24. f3 f6 25. Re3 Bf5 26. Rxd6 Rxd6 27. Bxf5 Rc4 28. Be6 Rb4 29. Re4 Rb2+ 30. Ke3 Rxg2 31. Rc4 Rxh2 32. Ne4 Rd8 33. Rc7 Rg2 34. Rf7+ Ke8 35. d6 f5 36. Rxf5 Rxd6 37. Nxd6+ Ke7 38. Nxb7 Kxe6 39. Ra5 h5 40. Rxa6+ Kd7 41. Nc5+ Kc8 42. Ne4 h4 43. Ra8+ Kb7 44. Rh8 g5 45. Rg8 h3 46. Rh8 h2 47. Nf2 Ka6 48. Ng4 Ka5 49. Rxh2 Rg1 50. Rh5 Kxa4 51. Rxg5 Kb4 52. Rd5 Kc4 53. Rd8 Re1+ 54. Kf4 Rf1 55. Ne3+ Kc5 56. Nxf1 1-0

[Event "Titled Tuesday intern op 06th Feb Late"]
[Site "Chess.com INT"]
[Date "2024.02.06"]
[Round "4"]
[White "Karttunen, Mika"]
[Black "Mullodzhanov, Nathaniel"]
[Result "1-0"]
[WhiteElo "2485"]
[BlackElo "1878"]
[PlyCount "81"]
[EventDate "2024.02.06"]
[EventType "swiss (blitz)"]
[EventRounds "11"]
[EventCountry "USA"]
[SourceTitle "CB07_2024"]
[SourceDate "2024.02.14"]
[SourceVersion "1"]
[SourceVersionDate "2024.02.14"]
[SourceQuality "1"]

1. d4 Nf6 2. c4 g6 3. Nc3 Bg7 4. e4 d6 5. Nf3 0-0 6. h3 e5 7. d5 a5 8. Be3 Na6 9. Nd2 Nd7 10. g4 f5 11. gxf5 gxf5 12. exf5 Ndc5 13. Rg1 Bxf5 14. Bh6 Bg6 15. Bxg7 Kxg7 16. Nde4 Kh8 17. Rxg6 hxg6 18. Qg4 Kg7 19. 0-0-0 Rf4 20. Qg2 Qh4 21. f3 Nxe4 22. Nxe4 b6 23. Bd3 Qh6 24. Kb1 Nc5 25. Nxc5 bxc5 26. Rg1 Rf6 27. Qg4 Rd8 28. Be4 a4 29. a3 Kh7 30. h4 Kg7 31. h5 g5 32. Ka2 Rf4 33. Qg2 Rdf8 34. Qc2 Qxh5 35. Qxa4 R8f7 36. Qe8 g4 37. a4 Qg5 38. Rh1 Re7 39. Rh7+ Kf6 40. Qf8+ Rf7 41. Qxf7# 1-0

[Event "Titled Tuesday intern op 06th Feb Early"]
[Site "Chess.com INT"]
[Date "2024.02.06"]
[Round "6"]
[White "Karttunen, Mika"]
[Black "Smietanska, Wiktoria"]
[Result "1-0"]
[WhiteElo "2485"]
[BlackElo "1937"]
[PlyCount "89"]
[EventDate "2024.02.06"]
[EventType "swiss (blitz)"]
[EventRounds "11"]
[EventCountry "USA"]
[SourceTitle "CB07_2024"]
[SourceDate "2024.02.14"]
[SourceVersion "1"]
[SourceVersionDate "2024.02.14"]
[SourceQuality "1"]

1. e4 c5 2. Nf3 d6 3. d4 cxd4 4. Nxd4 Nf6 5. Nc3 a6 6. f3 e5 7. Nb3 Be6 8. Be3 Nbd7 9. Qd2 b5 10. a4 b4 11. Nd5 Bxd5 12. exd5 Nb6 13. Bxb6 Qxb6 14. a5 Qb7 15. Bc4 Be7 16. Ra4 Rb8 17. Qd3 0-0 18. 0-0 Ra8 19. Kh1 Nd7 20. Qd2 Rab8 21. Bd3 Nc5 22. Nxc5 dxc5 23. Bc4 Rfd8 24. Qd3 Ra8 25. Raa1 Bd6 26. g3 g6 27. h4 Kg7 28. Kg2 Re8 29. h5 Qe7 30. Qe3 e4 31. f4 f5 32. Rh1 Qf6 33. c3 bxc3 34. Qxc3 Qxc3 35. bxc3 Reb8 36. h6+ Kf6 37. Rhb1 Bc7 38. Rxb8 Bxb8 39. Rb1 Bc7 40. Rb7 Bxa5 41. Rxh7 Bxc3 42. Rc7 Rh8 43. h7 Bd4 44. d6 a5 45. Rf7# 1-0

[Event "Titled Tuesday intern op 06th Feb Early"]
[Site "Chess.com INT"]
[Date "2024.02.06"]
[Round "10"]
[White "Valgmae, Toomas"]
[Black "Karttunen, Mika"]
[Result "0-1"]
[WhiteElo "2270"]
[BlackElo "2485"]
[PlyCount "46"]
[EventDate "2024.02.06"]
[EventType "swiss (blitz)"]
[EventRounds "11"]
[EventCountry "USA"]
[SourceTitle "CB07_2024"]
[SourceDate "2024.02.14"]
[SourceVersion "1"]
[SourceVersionDate "2024.02.14"]
[SourceQuality "1"]

1. d4 Nf6 2. c4 g6 3. Nc3 d6 4. e4 Bg7 5. f3 0-0 6. Be3 e5 7. Nge2 Nh5 8. Qd2 Nc6 9. 0-0-0 a6 10. g4 Nf4 11. Nxf4 exd4 12. Nfd5 dxe3 13. Qxe3 b5 14. g5 b4 15. Ne2 Ne5 16. Ng3 c6 17. Nb6 Rb8 18. c5 Nxf3 19. Qxf3 Qxg5+ 20. Kb1 Bg4 21. Qd3 dxc5 22. Rc1 Rxb6 23. Rxc5 Qxc5 0-1

[Event "Titled Tuesday intern op 19th Dec Early"]
[Site "Chess.com INT"]
[Date "2023.12.19"]
[Round "11"]
[White "Karttunen, Mika"]
[Black "Kostov, Deyan Samuil"]
[Result "1-0"]
[WhiteElo "2489"]
[BlackElo "2233"]
[PlyCount "49"]
[EventDate "2023.12.19"]
[EventType "swiss (blitz)"]
[EventRounds "11"]
[EventCountry "USA"]
[SourceTitle "CB52_2023"]
[SourceDate "2023.12.27"]
[SourceVersion "1"]
[SourceVersionDate "2023.12.27"]
[SourceQuality "1"]

1. e4 c5 2. Nf3 d6 3. d4 Nf6 4. Nc3 cxd4 5. Nxd4 Nc6 6. Bg5 Bd7 7. f4 Rc8 8. Nf3 Qa5 9. Qd2 e6 10. a3 Be7 11. 0-0-0 0-0 12. Kb1 Rfd8 13. Bd3 Be8 14. Qe1 Nd7 15. Bxe7 Nxe7 16. e5 d5 17. Nxd5 Qxd5 18. Qh4 Qc5 19. Qxh7+ Kf8 20. Qh8+ Ng8 21. Bh7 Ke7 22. Qxg7 Ngf6 23. exf6+ Nxf6 24. Ne5 b5 25. Ng6# 1-0

[Event "Titled Tuesday intern op 19th Dec Early"]
[Site "Chess.com INT"]
[Date "2023.12.19"]
[Round "9"]
[White "Manukyan, Sargis V"]
[Black "Karttunen, Mika"]
[Result "1-0"]
[WhiteElo "2253"]
[BlackElo "2489"]
[PlyCount "125"]
[EventDate "2023.12.19"]
[EventType "swiss (blitz)"]
[EventRounds "11"]
[EventCountry "USA"]
[SourceTitle "CB52_2023"]
[SourceDate "2023.12.27"]
[SourceVersion "1"]
[SourceVersionDate "2023.12.27"]
[SourceQuality "1"]

1. c4 e5 2. Nc3 Nc6 3. e3 Bb4 4. Nd5 Be7 5. Nf3 Nf6 6. Nxe7 Qxe7 7. d4 e4 8. Nd2 d5 9. cxd5 Nxd5 10. a3 0-0 11. Bc4 Rd8 12. 0-0 Rd6 13. Qc2 Bf5 14. Re1 Nb6 15. Ba2 Rh6 16. Nf1 Rd8 17. f4 Qh4 18. Qf2 Qh5 19. Bd2 Ne7 20. Rac1 Nbd5 21. Bb4 c6 22. Bxe7 Nxe7 23. Rc5 b6 24. Re5 Kf8 25. h3 Qg6 26. Ng3 Rd6 27. Kh2 f6 28. Nxf5 Nxf5 29. Re6 Rxe6 30. Bxe6 Nd6 31. f5 Qg5 32. Qg3 Qxg3+ 33. Kxg3 g6 34. Kf4 Ke7 35. Rc1 gxf5 36. Bxf5 Nxf5 37. Kxf5 Kd6 38. Kxe4 Rg6 39. Kf3 f5 40. g3 h5 41. Kf4 Kd5 42. b4 a6 43. a4 Kd6 44. a5 bxa5 45. bxa5 Re6 46. Rc5 Re4+ 47. Kf3 h4 48. g4 Re7 49. gxf5 Rg7 50. Kf4 Rg3 51. e4 Rxh3 52. e5+ Kd7 53. f6 Rh1 54. Rc3 h3 55. Kg5 h2 56. Rh3 Rg1+ 57. Kf5 h1Q 58. e6+ Kd6 59. Rxh1 Rxh1 60. e7 Rf1+ 61. Kg6 Kd7 62. Kf7 Rf5 63. e8Q+ 1-0

[Event "Titled Tuesday intern op 19th Dec Early"]
[Site "Chess.com INT"]
[Date "2023.12.19"]
[Round "3"]
[White "Uritsky, Yonathan"]
[Black "Karttunen, Mika"]
[Result "0-1"]
[WhiteElo "2103"]
[BlackElo "2489"]
[PlyCount "74"]
[EventDate "2023.12.19"]
[EventType "swiss (blitz)"]
[EventRounds "11"]
[EventCountry "USA"]
[SourceTitle "CB52_2023"]
[SourceDate "2023.12.27"]
[SourceVersion "1"]
[SourceVersionDate "2023.12.27"]
[SourceQuality "1"]

1. Nf3 Nf6 2. g3 g6 3. Bg2 Bg7 4. 0-0 0-0 5. c4 d6 6. Nc3 Nc6 7. Rb1 a5 8. a3 Bf5 9. d3 e5 10. b4 axb4 11. axb4 Qd7 12. b5 Nd8 13. Ng5 h6 14. Nge4 Ne8 15. Nd5 Kh7 16. Bd2 Bh3 17. Bxh6 Bxg2 18. Bxg7 Kxg7 19. Kxg2 f5 20. Ng5 f4 21. Ra1 Rxa1 22. Qxa1 Nf6 23. Nxf6 Rxf6 24. Ne4 Rf8 25. d4 Rh8 26. h4 Qf5 27. f3 fxg3 28. Nxg3 Qf4 29. dxe5 dxe5 30. Rd1 Nf7 31. h5 gxh5 32. Rd7 h4 33. Ne4 h3+ 34. Kh1 h2 35. Qf1 Rh6 36. Qg2+ Rg6 37. Qxh2 Qc1+ 0-1

[Event "Titled Tuesday intern op 24th Oct Late"]
[Site "Chess.com INT"]
[Date "2023.10.24"]
[Round "6"]
[White "Karttunen, Mika"]
[Black "Bogaudinov, Rushan"]
[Result "0-1"]
[WhiteElo "2497"]
[BlackElo "1853"]
[PlyCount "78"]
[EventDate "2023.10.24"]
[EventType "swiss (blitz)"]
[EventRounds "11"]
[EventCountry "USA"]
[SourceTitle "Mega2024 Update 01"]
[Source "Chessbase"]
[SourceDate "2023.11.12"]
[SourceVersion "1"]
[SourceVersionDate "2023.11.12"]
[SourceQuality "1"]

1. e4 e5 2. Nf3 Nc6 3. Bc4 Be7 4. c3 d6 5. d4 Nf6 6. Nbd2 0-0 7. Bb3 Bg4 8. d5 Nb8 9. h3 Bxf3 10. Qxf3 c6 11. c4 Nbd7 12. 0-0 a5 13. Bc2 a4 14. Re1 Qc7 15. Bd3 Nc5 16. Bf1 Ne8 17. Rb1 g6 18. b4 axb3 19. axb3 f5 20. exf5 Rxf5 21. Qg3 cxd5 22. cxd5 Ra2 23. b4 Nd7 24. Qb3 Qc2 25. Qxc2 Rxc2 26. Bd3 Ra2 27. Bxf5 gxf5 28. Rb2 Rxb2 29. Bxb2 Nb6 30. f4 e4 31. g4 Nxd5 32. gxf5 e3 33. Nc4 Bh4 34. Re2 Bf2+ 35. Kf1 Nxf4 36. Rc2 d5 37. Ne5 Bg3 38. Rc8 e2+ 39. Kg1 e1Q# 0-1

[Event "Titled Tuesday intern op 24th Oct Late"]
[Site "Chess.com INT"]
[Date "2023.10.24"]
[Round "9"]
[White "Karttunen, Mika"]
[Black "Mazurkiewicz, Michal"]
[Result "1-0"]
[WhiteElo "2497"]
[BlackElo "2145"]
[PlyCount "73"]
[EventDate "2023.10.24"]
[EventType "swiss (blitz)"]
[EventRounds "11"]
[EventCountry "USA"]
[SourceTitle "Mega2024 Update 01"]
[Source "Chessbase"]
[SourceDate "2023.11.12"]
[SourceVersion "1"]
[SourceVersionDate "2023.11.12"]
[SourceQuality "1"]

1. Nf3 Nf6 2. c4 g6 3. g3 Bg7 4. Bg2 0-0 5. 0-0 d6 6. d3 c5 7. Nbd2 Nc6 8. a3 Rb8 9. Rb1 b6 10. b4 Bb7 11. Bb2 e6 12. b5 Ne7 13. e4 d5 14. Be5 dxe4 15. dxe4 Rc8 16. Qc2 Qd7 17. Qb2 Ne8 18. Bxg7 Nxg7 19. Rfd1 Rcd8 20. Qa1 Qd3 21. Bf1 Qd7 22. Nb3 Qc7 23. Re1 f6 24. Bh3 e5 25. Rbd1 Nc6 26. bxc6 Bxc6 27. Rd5 Bxd5 28. exd5 Ne8 29. Be6+ Kg7 30. h4 Nd6 31. Nbd2 Rfe8 32. g4 Qb7 33. Nxe5 fxe5 34. Qxe5+ Kh6 35. g5+ Kh5 36. Qe2+ Kxh4 37. Qg4# 1-0

[Event "Titled Tuesday intern op 24th Oct Late"]
[Site "Chess.com INT"]
[Date "2023.10.24"]
[Round "7"]
[White "Slavin, Alexei"]
[Black "Karttunen, Mika"]
[Result "0-1"]
[WhiteElo "2364"]
[BlackElo "2497"]
[PlyCount "108"]
[EventDate "2023.10.24"]
[EventType "swiss (blitz)"]
[EventRounds "11"]
[EventCountry "USA"]
[SourceTitle "Mega2024 Update 01"]
[Source "Chessbase"]
[SourceDate "2023.11.12"]
[SourceVersion "1"]
[SourceVersionDate "2023.11.12"]
[SourceQuality "1"]

1. e4 Nf6 2. Nc3 d5 3. e5 Ne4 4. Nxe4 dxe4 5. d4 Bf5 6. Ne2 e6 7. Ng3 Bg6 8. Bb5+ c6 9. Be2 c5 10. Be3 Nc6 11. dxc5 Nxe5 12. 0-0 Be7 13. b4 0-0 14. Bf4 Nc6 15. a3 e5 16. Be3 f5 17. Bc4+ Kh8 18. Bc1 f4 19. Ne2 Nd4 20. Bb2 Bf6 21. c3 Nxe2+ 22. Qxe2 f3 23. gxf3 exf3 24. Qxf3 e4 25. Qg2 Be5 26. Rad1 Qh4 27. Rd5 Rf5 28. Be2 Rg5 29. Rxe5 Rxg2+ 30. Kxg2 Rd8 31. Rd1 Rxd1 32. Bxd1 h6 33. c4 Kg8 34. h3 e3 35. Rxe3 Be4+ 36. Bf3 Qg5+ 37. Kf1 Bxf3 38. Rxf3 Qd2 39. Bc3 Qc1+ 40. Kg2 Qxa3 41. Rg3 g5 42. h4 Qb3 43. hxg5 h5 44. g6 Qxc4 45. g7 h4 46. Rf3 Qg4+ 47. Rg3 hxg3 48. fxg3 Qe4+ 49. Kh3 Qf5+ 50. Kh4 Kh7 51. g4 Qf2+ 52. Kg5 Qe3+ 53. Kf6 Qxc3+ 54. Kf7 Qxg7+ 0-1

[Event "Titled Tuesday intern op 05th Sep Early"]
[Site "Chess.com INT"]
[Date "2023.09.05"]
[Round "5"]
[White "Karttunen, Mika"]
[Black "Polaczek, Richard"]
[Result "1-0"]
[WhiteElo "2490"]
[BlackElo "2302"]
[PlyCount "77"]
[EventDate "2023.09.05"]
[EventType "swiss (blitz)"]
[EventRounds "11"]
[EventCountry "USA"]
[SourceTitle "EXT 2024"]
[Source "ChessBase"]
[SourceDate "2023.10.10"]
[SourceVersion "1"]
[SourceVersionDate "2023.10.10"]
[SourceQuality "1"]

1. e4 e6 2. d4 d5 3. Nc3 Nf6 4. e5 Nfd7 5. f4 c5 6. Nf3 Nc6 7. Be3 Be7 8. Qd2 0-0 9. Bd3 c4 10. Be2 b5 11. Nd1 b4 12. 0-0 Nb6 13. Qe1 a5 14. Qg3 Ba6 15. f5 exf5 16. Bh6 g6 17. Bxf8 Qxf8 18. c3 Na4 19. Kh1 Qh6 20. Qe1 Bc8 21. Rf2 Be6 22. Bf1 Rb8 23. Qe2 g5 24. Qc2 Nb6 25. Ne3 Qg6 26. h3 a4 27. g4 f4 28. Nf5 b3 29. axb3 cxb3 30. Qb1 Bf8 31. Bd3 Bxf5 32. gxf5 Qh6 33. Qg1 Qxh3+ 34. Nh2 Qxd3 35. Qxg5+ Kh8 36. Rg1 Qe4+ 37. Nf3 Bh6 38. Qf6+ Bg7 39. Qxg7# 1-0

[Event "Titled Tuesday intern op 05th Sep Early"]
[Site "Chess.com INT"]
[Date "2023.09.05"]
[Round "2"]
[White "Karttunen, Mika"]
[Black "Sonis, Francesco"]
[Result "0-1"]
[WhiteElo "2490"]
[BlackElo "2564"]
[PlyCount "84"]
[EventDate "2023.09.05"]
[EventType "swiss (blitz)"]
[EventRounds "11"]
[EventCountry "USA"]
[SourceTitle "EXT 2024"]
[Source "ChessBase"]
[SourceDate "2023.10.10"]
[SourceVersion "1"]
[SourceVersionDate "2023.10.10"]
[SourceQuality "1"]

1. e4 Nc6 2. d4 d5 3. e5 Bf5 4. c3 e6 5. f4 f6 6. Nf3 Nge7 7. Be3 Ng6 8. Nbd2 Qd7 9. b4 Be7 10. Be2 0-0 11. 0-0 Rf7 12. Qe1 Raf8 13. Qg3 Bd8 14. Nb3 b6 15. a4 Bc2 16. Nbd2 a5 17. Bb5 Kh8 18. Rfc1 Bf5 19. c4 Nge7 20. cxd5 Qxd5 21. Bc4 Qd7 22. bxa5 Nxa5 23. Be2 Nd5 24. Bf2 Be7 25. Nh4 fxe5 26. fxe5 Bb4 27. Be1 Ne7 28. Ndf3 Bxe1 29. Rxe1 h6 30. Nxf5 Nxf5 31. Qg6 Nxd4 32. Bd3 Nf5 33. Rad1 Qxa4 34. g4 Qf4 35. Rf1 Nc6 36. gxf5 Ne7 37. Qg3 Qe3+ 38. Kg2 Nxf5 39. Bxf5 Rxf5 40. Rd7 g5 41. Qh3 g4 42. Qh5 Rxh5 0-1

[Event "Titled Tuesday intern op 05th Sep Early"]
[Site "Chess.com INT"]
[Date "2023.09.05"]
[Round "8"]
[White "Karttunen, Mika"]
[Black "Zhigalko, Sergei"]
[Result "0-1"]
[WhiteElo "2490"]
[BlackElo "2572"]
[PlyCount "50"]
[EventDate "2023.09.05"]
[EventType "swiss (blitz)"]
[EventRounds "11"]
[EventCountry "USA"]
[SourceTitle "EXT 2024"]
[Source "ChessBase"]
[SourceDate "2023.10.10"]
[SourceVersion "1"]
[SourceVersionDate "2023.10.10"]
[SourceQuality "1"]

1. e4 c5 2. Nf3 Nc6 3. Bb5 Nf6 4. Bxc6 dxc6 5. d3 Bg4 6. h3 Bh5 7. Nbd2 Qc7 8. Nc4 Nd7 9. a4 b5 10. Ne3 e6 11. Bd2 Be7 12. Bc3 0-0 13. g4 Bg6 14. b3 f5 15. e5 fxg4 16. hxg4 Rf4 17. Qe2 Raf8 18. Rh3 Nb6 19. Bd2 R4f7 20. Ba5 Qd7 21. Bxb6 axb6 22. a5 bxa5 23. Rxa5 c4 24. Ra2 cxd3 25. c3 dxe2 0-1

[Event "Titled Tuesday intern op 05th Sep Early"]
[Site "Chess.com INT"]
[Date "2023.09.05"]
[Round "3"]
[White "Krzywda, Andrzej"]
[Black "Karttunen, Mika"]
[Result "0-1"]
[WhiteElo "2210"]
[BlackElo "2490"]
[PlyCount "72"]
[EventDate "2023.09.05"]
[EventType "swiss (blitz)"]
[EventRounds "11"]
[EventCountry "USA"]
[SourceTitle "EXT 2024"]
[Source "ChessBase"]
[SourceDate "2023.10.10"]
[SourceVersion "1"]
[SourceVersionDate "2023.10.10"]
[SourceQuality "1"]

1. e4 c5 2. Nf3 d6 3. d4 cxd4 4. Nxd4 Nf6 5. Nc3 a6 6. Be3 e5 7. Nb3 Be6 8. h3 h5 9. f4 exf4 10. Bxf4 Nc6 11. Qe2 Ne5 12. 0-0-0 Qc7 13. Nd5 Nxd5 14. exd5 Bd7 15. Qd2 0-0-0 16. Be2 Kb8 17. Kb1 Ka8 18. Bxe5 dxe5 19. d6 Qb6 20. Rhf1 f5 21. Qg5 Bxd6 22. Qxg7 Bc8 23. Qg6 h4 24. c4 Bc7 25. Qg5 Rdg8 26. Qe7 Re8 27. Qg5 e4 28. c5 Qb4 29. Qe3 Be6 30. Nd4 Be5 31. a3 Qxc5 32. Nxf5 Qa5 33. Qg5 Rhg8 34. Qh5 Qb6 35. Rd2 e3 36. Rc2 Bb3 0-1